Sports Quiz

Random Sports or Numbers Quiz

Didn't make final cut: College Football Quiz Stats

 Plays Quiz not verified by Sporcle

Score 0/15 Timer 05:00
0 Plays Today
Number of Votes College % Correct
7Georgia Bulldogs
63.8%
8Auburn Tigers
60%
89Oregon State Beavers
58.8%
90Oklahoma Sooners
57.5%
67Stanford Cardinal
56.3%
5Arizona Wildcats
56.3%
40Oklahoma State Cowboys
48.8%
6Florida State Seminoles
48.8%
Number of Votes College % Correct
85Navy Midshipmen
45%
37Rutgers Scarlet Knights
38.8%
3Arkansas Razorbacks
38.8%
5Connecticut Huskies
37.5%
3Air Force Falcons
27.5%
2Villanova WIldcats (Yes, I know they are FCS)
5%
4Middle Tennessee State Blue Raiders
3.8%

You're not logged in!

Compare scores with friends on all Sporcle quizzes.
OR
Log In

Show Comments

Extras

Top Quizzes Today


Score Distribution

Your Account Isn't Verified!

In order to create a playlist on Sporcle, you need to verify the email address you used during registration. Go to your Sporcle Settings to finish the process.

Report this User

Report this user for behavior that violates our Community Guidelines.

Details: